Juan José de Aycinena : idealista conservador de la Guatemala del siglo XIX /
sin resumen
Wedi'i Gadw mewn:
| Prif Awdur: | |
|---|---|
| Fformat: | Llyfr |
| Iaith: | Spanish |
| Cyhoeddwyd: |
Vermont, Estados Unidos:
Centro de Investigaciones Regionales de Mesoamérica ; Plumsock Mesoamerican Studies,
1988
|
| Cyfres: | Serie monográfica (Centro de Investigaciones Regionales de Mesoamérica)
número 4 |
| Pynciau: | |
| Tagiau: |
Ychwanegu Tag
Dim Tagiau, Byddwch y cyntaf i dagio'r cofnod hwn!
|
MARC
| LEADER | 00000nam a22000007a 4500 | ||
|---|---|---|---|
| 003 | cru IIS | ||
| 005 | 20211130140114.0 | ||
| 008 | 211125b |||||||| |||| 00| 0 spa d | ||
| 020 | |a 0910443068 | ||
| 040 | |c cru IIS | ||
| 090 | |a 05.03.02 C455j | ||
| 100 | 1 | |9 10170 |a Chandler, David L. (David Lee) |d 1938-1993 |e Autor | |
| 245 | 1 | |a Juan José de Aycinena : |b idealista conservador de la Guatemala del siglo XIX / |c David L. Chandler | |
| 260 | |a Vermont, Estados Unidos: |b Centro de Investigaciones Regionales de Mesoamérica ; |b Plumsock Mesoamerican Studies, |c 1988 | ||
| 300 | |a 304 páginas | ||
| 440 | |9 10171 |a Serie monográfica (Centro de Investigaciones Regionales de Mesoamérica) |v número 4 | ||
| 500 | |a Colección Centroamérica | ||
| 520 | |a sin resumen | ||
| 650 | 0 | |9 10172 |a AYCINENA, JUAN JOSE DE, 1793-1865 |0 TESAUROS | |
| 650 | 0 | |9 136 |a HISTORIA |0 TESAUROS | |
| 651 | 0 | |9 142 |a GUATEMALA | |
| 942 | |2 ddc |c LI | ||
| 999 | |c 43993 |d 43993 | ||



